Zoonosis updates from the Journal of the American Veterinary Medical Association
Đã lưu trong:
| 格式: | 圖書 |
|---|---|
| 語言: | Undetermined |
| 出版: |
Schaumburg, Illinois
The American veterinary medical association
1990
|
| 主題: | |
| 標簽: |
添加標簽
沒有標簽, 成為第一個標記此記錄!
|
| Thư viện lưu trữ: | Trung tâm Học liệu Trường Đại học Cần Thơ |
|---|
| LEADER | 00583nam a2200181Ia 4500 | ||
|---|---|---|---|
| 001 | CTU_126017 | ||
| 008 | 210402s9999 xx 000 0 und d | ||
| 082 | |a 636.089 | ||
| 082 | |b Z83 | ||
| 245 | 0 | |a Zoonosis updates from the Journal of the American Veterinary Medical Association | |
| 245 | 4 | |c The American veterinary medical association | |
| 260 | |a Schaumburg, Illinois | ||
| 260 | |b The American veterinary medical association | ||
| 260 | |c 1990 | ||
| 650 | |a Zoonoses | ||
| 650 | |x Case studies | ||
| 904 | |i Hiếu | ||
| 980 | |a Trung tâm Học liệu Trường Đại học Cần Thơ | ||